000 00772cab a2200265 4500
001 ABS55701
008 090401t1996 xxu||||| |||| 00| 0 eng d
035 _a(Sirsi) u18170
041 _aeng
100 _aWheal, C.
245 4 _aThe lessons of yesterday
260 _c1996
350 _a0
490 _aMunicipal Journal
_v23 August 1996, 12-13(2)
520 _aIn the aftermath of the Docklands and Manchester IRA bombs asks whether local authorities need to take out adequate terrorism insurance cover.
650 _aDOCKLANDS BOMB
650 _aINSURANCE COVER
650 _aINSURANCE PREMIUMS
650 _aMANCHESTER BOMB
650 _aPOOL RE
650 _aTERRORISM INSURANCE
690 _aINSURANCE
_96249
942 _n0
948 _c04/03/1997
999 _c12053
_d12053